000 01091nam a22002657a 4500
001 BD-DhSAU 8434
003 BD-DhSAU
005 20220309122127.0
008 150612b2008 bg a|||| m||| 00| 0 eng d
040 _aBD-DhSAU
082 _222
_a...
_b..
100 _aHossain, Kamal
_eRegistration # 07-02621
245 _aHeterosis and its association with genetic attributes using line x tester mating in rice (oryza sativa L.) /
_bMS thesis
260 _aSher-e-Bangla Agricultural University :
_bDepartment of Genetics & Plant Breeding ,
_c2008.
300 _avii, 131 p. :
_bill. ;
_c29 cm.
500 _aMS thesis of Department of Genetics & Plant Breeding, Faculty of Agriculture, Sher-e-Bangla Agricultural University, Dhaka, Bangladesh
504 _aIncludes bibliographical reference.
590 _aJerin
650 _aGenetics & Plant Breeding
650 _arice
700 _aJulfiquar, A. W.
_eSuperviser
700 _aHossain, Sarowar
_eCo-superviser
856 _uhttp://archive.saulibrary.edu.bd:8080/xmlui/handle/123456789/663
942 _2ddc
_cTHESIS
999 _c8434
_d8434